banner koha

Effect of fruit load of the first coffee harvests on leaf gas exchange (Registro n. 328747)

MARC details
000 -LÍDER
fixed length control field 04108nab a2200301 i 4500
003 - CÓDIGO MARC DA AGÊNCIA CATALOGADORA
Campo de controle BR-BrBNA
005 - DATA E HORA DA ÚLTIMA ATUALIZAÇÃO
Campo de controle 20241121125356.0
008 - CAMPO DE TAMANHO FIXO
fixed length control field 241121b2021 bl.ar|pooa||| 00| 0 eng |
040 ## - FONTE DA CATALOGAÇÃO
Agência catalogadora BR-BrBNA
Idioma da catalogação eng
072 ## - CATEGORIA AGRIS
Código AGRIS F60
Código do objeto 2120
072 ## - CATEGORIA AGRIS
Código AGRIS F61
100 ## - ENTRADA PRINCIPAL - NOME PESSOAL
Nome pessoal Muñoz, Carlos Andres Unigarro
100 ## - ENTRADA PRINCIPAL - NOME PESSOAL
Nome pessoal Bejarano, Lina Marcela Díaz
100 ## - ENTRADA PRINCIPAL - NOME PESSOAL
Nome pessoal Acuña, José Ricardo
245 ## - TÍTULO PRINCIPAL
Título principal Effect of fruit load of the first coffee harvests on leaf gas exchange
500 ## - NOTA GERAL
Nota geral Publicação online; 36 ref.; Summaries (En, Pt)
942 ## - ADDED ENTRY ELEMENTS (KOHA)
Koha item type Analítica
520 ## - NOTA DE RESUMO
Nota de conteúdo <br/><br/>ABSTRACT - Coffee production between the first and second harvest presents a difference in the fruit load with the plant age that could affect the leaf gas exchange. This research aimed to evaluate the effect of the increase in fruit load that occurs between the first and second harvest of the Coffea arabica L. production cycle on the measured gas exchange, at the two phenological stages of the fruit. The accessions E057, E318, E338 and E554 were used, as well as a completely randomized design, with three replications, using the accessions as treatments and the harvest measurements during the production cycle as the repeated measures. The variables yield per tree, number of fruits, absolute growth rates for height and stem, leaf area, leaf-to-fruit ratio and leaf gas exchange were measured across the phenological stages of fruit filling and ripening. The increase in the fruit load that occurs with age in the second harvest, if compared to the first harvest, showed a positive and significant effect on the net assimilation rate that was not expected for the obtained leaf-tofruit ratios. Likewise, the differences in the assimilation rates were higher during the fruit-filling stage. This result suggests that the source-sink relationship may vary with the crop age and fruit phenological stage, and is not entirely depend on the leaf-to-fruit ratio.<br/><br/><br/><br/><br/>KEYWORDS: Coffea arabica L., leaf-to-fruit ratio, fruit phenological stage, net assimilation rate.
520 ## - NOTA DE RESUMO
Nota de conteúdo <br/><br/>RESUMO - Efeito da carga de frutos das primeiras colheitas de café na troca gasosa das folhas - A produção de café entre a primeira e segunda colheita apresenta diferença na carga dos frutos com a idade da planta, podendo ter efeito na troca gasosa. Objetivou-se avaliar o efeito do aumento na carga de frutos que acontece entre a primeira e a segunda colheita do ciclo produtivo do Coffea arabica L. na avaliação da troca gasosa, no decorrer dos dois estados fenológicos do fruto. Foram utilizados os acessos E057, E318, E338 e E554, bem como delineamento inteiramente casualizado, com três repetições, tendose os acessos como tratamentos e as medições de colheita do ciclo produtivo como medidas repetidas. As variáveis produtividade por planta, número de frutos, taxas de crescimento absoluto de altura e tronco, área foliar, relação folha-fruto e trocas gasosas da folha foram medidas nas fases fenológicas de enchimento e maturação dos frutos. O aumento da carga de frutos que ocorre com a idade na segunda colheita, em relação à primeira, apresentou efeito positivo e significativo na taxa de assimilação líquida, o qual não era esperado para as relações folha-fruto obtidas. Da mesma forma, as diferenças nas taxas de assimilação foram maiores durante a fase de enchimento dos frutos. Isso sugere que a relação fonte-dreno pode variar com a idade de cultivo e estádio fenológico do fruto, e não depende totalmente da relação folha-fruto.<br/><br/><br/>PALAVRAS-CHAVE: Coffee arabica L., relação folha-fruto, estádio fenológico do fruto, taxa de assimilação líquida.
650 ## - ASSUNTO - THESAGRO
Cabeçalho tópico ou nome geográfico CAFÉ
650 ## - ASSUNTO - THESAGRO
Cabeçalho tópico ou nome geográfico FENOLOGIA
650 ## - ASSUNTO - THESAGRO
Cabeçalho tópico ou nome geográfico TROCA GASOSA
650 ## - ASSUNTO - THESAGRO
Cabeçalho tópico ou nome geográfico FOTOSSÍNTESE
650 ## - ASSUNTO - THESAGRO
Cabeçalho tópico ou nome geográfico FISIOLOGIA VEGETAL
773 0# - ENTRADA ANALÍTICA
Host Biblionumber 3248
Registro do item 317347
Imprenta Goiânia-GO UFG. Escola de Agronomia 1999
Outro identificador 2024-3999
Título Pesquisa Agropecuária Tropical (Brazil)
ISSN 1517-6398
Colação v. 51 p. 1-9; (2021)
Número de controle de registro BR2024003487
856 ## - ACESSO E ENDEREÇO ELETRÔNICO
Identificador uniforme de recurso - URI https://www.scielo.br/j/pat/a/Z9sBJYyny5j7GvNZmhytxLd/?format=pdf&lang=en

Nenhum exemplar disponível.

BINAGRI

Telefone: (61)3218-2567/2388/3357/2097 - binagri@agro.gov.br

Ministério da Agricultura e Pecuária , Esplanada dos Ministérios, Bloco D, Anexo B, Brasília/DF, CEP: 70.043-900